[Event "Torneo Zonal FIDE 2.3 Masculino 2009"]
[Site "San José de Costa Rica CRC"]
[Date "2009.06.22"]
[Round "6.2"]
[White "Echavarria, Johann"]
[Black "Iturrizaga, Eduardo"]
[Result "0-1"]
[WhiteElo "2379"]
[BlackElo "2528"]
[PlyCount "68"]
[EventDate "2009.06.18"]
[EventType "swiss"]
[EventRounds "9"]
[EventCountry "CRO"]
[Source "lmi"]
[SourceDate "2009.06.19"]

1. e4 c5 2. Nf3 Nc6 3. d4 cxd4 4. Nxd4 g6 5. Nc3 Bg7 6. Be3 Nf6 7. Bc4 O-O 8.
Bb3 d6 9. f3 Bd7 10. Qd2 Nxd4 11. Bxd4 b5 12. h4 a5 13. h5 a4 14. Bd5 e5 15. h6
Bh8 16. Bxa8 exd4 17. Nd5 a3 18. b3 Re8 19. Nxf6+ Qxf6 20. Bd5 Rc8 21. O-O g5
22. f4 g4 23. e5 Qxh6 24. Qxd4 g3 25. Rfc1 Bg4 26. Kf1 Rc3 27. Ke1 Bxe5 28. Qa7
Qxf4 29. Qxf7+ Qxf7 30. Bxf7+ Kxf7 31. Kd2 Rc8 32. Rf1+ Kg6 33. Rac1 Bb2 34.
Rb1 Bf5 0-1

[Event "Torneo Zonal FIDE 2.3 Masculino 2009"]
[Site "San José de Costa Rica CRC"]
[Date "2009.06.22"]
[Round "6.3"]
[White "Arias, Lemmys A"]
[Black "Murillo, Alexis"]
[Result "1-0"]
[WhiteElo "2406"]
[BlackElo "2317"]
[PlyCount "46"]
[EventDate "2009.06.18"]
[EventType "swiss"]
[EventRounds "9"]
[EventCountry "CRO"]
[Source "lmi"]
[SourceDate "2009.06.19"]

1. e4 e6 2. d4 d5 3. Nc3 h6 4. Bd3 Nf6 5. exd5 exd5 6. Nf3 c5 7. O-O Nc6 8. Bb5
Bg4 9. dxc5 Bxc5 10. Re1+ Be6 11. Be3 Bxe3 12. Rxe3 O-O 13. Bxc6 bxc6 14. Qd4
Nd7 15. Na4 Qa5 16. Rc3 Rab8 17. Rxc6 Rb4 18. Ra6 Qb5 19. Qxa7 Rg4 20. h3 Rf4
21. Ra5 Qc4 22. Qe3 Qc7 23. Ra6 Re4 1-0

[Event "Torneo Zonal FIDE 2.3 Masculino 2009"]
[Site "San José de Costa Rica CRC"]
[Date "2009.06.22"]
[Round "6.4"]
[White "Gonzalez, Bernal"]
[Black "Prasca Sosa, Raphael"]
[Result "1/2-1/2"]
[WhiteElo "2440"]
[BlackElo "2415"]
[PlyCount "56"]
[EventDate "2009.06.18"]
[EventType "swiss"]
[EventRounds "9"]
[EventCountry "CRO"]
[Source "lmi"]
[SourceDate "2009.06.19"]

1. d4 d5 2. c4 c6 3. Nf3 Nf6 4. Nc3 a6 5. cxd5 cxd5 6. Bf4 Nc6 7. Rc1 e6 8. e3
Be7 9. Bd3 O-O 10. O-O Nh5 11. Be5 f6 12. Ng5 Qe8 13. Nxh7 fxe5 14. Nxf8 Bxf8
15. dxe5 Nxe5 16. Be2 Nf6 17. Na4 Qd8 18. Qd4 Nc6 19. Qb6 Bd7 20. Qxb7 Na5 21.
Qb6 Bxa4 22. Qxe6+ Kh7 23. Bd3+ g6 24. Qf7+ Kh8 25. Rc7 Bd7 26. Rfc1 Bd6 27.
Rxd7 Nxd7 28. Qxg6 Nf6 1/2-1/2

[Event "Torneo Zonal FIDE 2.3 Masculino 2009"]
[Site "San José de Costa Rica CRC"]
[Date "2009.06.22"]
[Round "6.7"]
[White "Hernandez Basante, Francisco"]
[Black "Sanchez Enriquez, Oscar Gerardo"]
[Result "0-1"]
[WhiteElo "2278"]
[BlackElo "2282"]
[PlyCount "55"]
[EventDate "2009.06.18"]
[EventType "swiss"]
[EventRounds "9"]
[EventCountry "CRO"]
[Source "lmi"]
[SourceDate "2009.06.19"]

1. d4 d5 2. Nc3 Nf6 3. Bg5 Nbd7 4. f3 c6 5. e4 dxe4 6. Nxe4 e6 7. Qd2 Be7 8.
Bxf6 Nxf6 9. Nxf6+ Bxf6 10. O-O-O O-O 11. f4 c5 12. Nf3 b5 13. dxc5 Qc7 14. Qd6
Qa5 15. c6 Rd8 16. Qa3 Rxd1+ 17. Kxd1 Qb6 18. Qb4 Qxc6 19. Bd3 Bb7 20. Qxb5 Qc7
21. Qc4 Qb6 22. Qb3 Bxf3+ 23. gxf3 Qd6 24. Qb7 Rb8 25. Qxa7 Rxb2 26. Ke2 g6 27.
h4 Qxf4 28. Qe3 0-1

[Event "Torneo Zonal FIDE 2.3 Masculino 2009"]
[Site "San José de Costa Rica CRC"]
[Date "2009.06.22"]
[Round "6.8"]
[White "Ossa, Orlando Jose"]
[Black "Valdes, Leonardo"]
[Result "0-1"]
[WhiteElo "2301"]
[BlackElo "2403"]
[PlyCount "29"]
[EventDate "2009.06.18"]
[EventType "swiss"]
[EventRounds "9"]
[EventCountry "CRO"]
[Source "lmi"]
[SourceDate "2009.06.19"]

1. b4 Nf6 2. Bb2 g6 3. Nf3 Bg7 4. e3 O-O 5. Be2 d6 6. c4 e5 7. d4 Nbd7 8. dxe5
dxe5 9. Nxe5 Ne4 10. Nd3 Bxb2 11. Nxb2 Qf6 12. Qd4 Qxf2+ 13. Kd1 Qxg2 14. Rf1
c5 15. Qd5 0-1

[Event "Torneo Zonal FIDE 2.3 Masculino 2009"]
[Site "San José de Costa Rica CRC"]
[Date "2009.06.23"]
[Round "7.2"]
[White "Iturrizaga, Eduardo"]
[Black "Gonzalez, Bernal"]
[Result "1/2-1/2"]
[WhiteElo "2528"]
[BlackElo "2440"]
[PlyCount "42"]
[EventDate "2009.06.18"]
[EventType "swiss"]
[EventRounds "9"]
[EventCountry "CRO"]
[Source "lmi"]
[SourceDate "2009.06.19"]

1. d4 f5 2. Nc3 d5 3. Bf4 c6 4. e3 Nf6 5. Bd3 e6 6. h3 Bd6 7. Nce2 Qe7 8. Nf3
Nbd7 9. Ne5 Ne4 10. O-O O-O 11. c4 Nxe5 12. dxe5 Bc7 13. Rc1 Nc5 14. Nd4 Nxd3
15. Qxd3 Bb6 16. Nb3 Bd7 17. c5 Bc7 18. Nd4 g5 19. Bh2 f4 20. exf4 gxf4 21.
Rfe1 Qg7 1/2-1/2

[Event "Torneo Zonal FIDE 2.3 Masculino 2009"]
[Site "San José de Costa Rica CRC"]
[Date "2009.06.23"]
[Round "7.6"]
[White "Hernandez Basante, Francisco"]
[Black "Echavarria, Johann"]
[Result "0-1"]
[WhiteElo "2278"]
[BlackElo "2379"]
[PlyCount "64"]
[EventDate "2009.06.18"]
[EventType "swiss"]
[EventRounds "9"]
[EventCountry "CRO"]
[Source "lmi"]
[SourceDate "2009.06.19"]

1. d4 d5 2. Bg5 h6 3. Bh4 c6 4. e3 Qb6 5. Nd2 Bf5 6. Qc1 Nd7 7. Ngf3 Ngf6 8.
Be2 g5 9. Bg3 Nh5 10. Be5 Nxe5 11. Nxe5 Nf6 12. c4 Bg7 13. Bd3 Ne4 14. O-O O-O
15. Qc2 Bxe5 16. dxe5 Nxd2 17. Qxd2 Bxd3 18. Qxd3 dxc4 19. Qxc4 Qxb2 20. f4 Qd2
21. Rae1 Qd5 22. Qe2 Qe4 23. h4 gxf4 24. Rxf4 Qxe5 25. Ref1 Rad8 26. Rf5 Qe6
27. R1f3 Kh8 28. Qb2+ f6 29. Qb4 Rd1+ 30. Kf2 Qxa2+ 31. Kg3 Rg8+ 32. Kf4 e5+
0-1

[Event "Torneo Zonal FIDE 2.3 Masculino 2009"]
[Site "San José de Costa Rica CRC"]
[Date "2009.06.23"]
[Round "7.7"]
[White "Gongora Montes, Benjamin"]
[Black "Ossa, Orlando Jose"]
[Result "1-0"]
[WhiteElo "2251"]
[BlackElo "2301"]
[PlyCount "116"]
[EventDate "2009.06.18"]
[EventType "swiss"]
[EventRounds "9"]
[EventCountry "CRO"]
[Source "lmi"]
[SourceDate "2009.06.19"]

1. e4 e5 2. f4 exf4 3. Qf3 d5 4. exd5 Nf6 5. Bb5+ Nbd7 6. d4 Bd6 7. Ne2 O-O 8.
Nbc3 g5 9. Bd2 Nb6 10. h3 Bf5 11. O-O-O Bg6 12. Rdf1 Nbxd5 13. g3 Nxc3 14. Nxc3
Nh5 15. gxf4 Bxf4 16. Bxf4 gxf4 17. Rhg1 Ng3 18. Rd1 c6 19. Qxf4 Nh5 20. Qe5
Qf6 21. Bc4 Qf4+ 22. Qxf4 Nxf4 23. h4 Rad8 24. Rg4 Nh5 25. Ne4 Kh8 26. Ng5 Nf6
27. Rgg1 Nd5 28. Rd2 Ne3 29. Bb3 Nf5 30. c3 Rde8 31. h5 Bxh5 32. Rh2 Bg6 33.
Nxh7 Bxh7 34. Bc2 f6 35. Bxf5 Re7 36. Kd2 Rg8 37. Rgh1 Rgg7 38. Bc2 Kg8 39.
Bb3+ Kh8 40. Rf1 Rg3 41. Bc2 Kg8 42. Bxh7+ Rxh7 43. Rxh7 Kxh7 44. Rxf6 Rg2+ 45.
Kc1 Rg7 46. Kc2 Re7 47. Kd3 Kg7 48. Rf1 Re6 49. c4 Rd6 50. b4 Rd7 51. a4 Kg6
52. Rf8 Kg7 53. Rf5 Kg6 54. Rf3 Kg7 55. Kc3 Kg6 56. b5 Kg7 57. bxc6 bxc6 58. a5
Rb7 1-0

[Event "Torneo Zonal FIDE 2.3 Masculino 2009"]
[Site "San José de Costa Rica CRC"]
[Date "2009.06.24"]
[Round "8.1"]
[White "Bruzon Batista, Lazaro"]
[Black "Valdes, Leonardo"]
[Result "1-0"]
[WhiteElo "2617"]
[BlackElo "2403"]
[PlyCount "81"]
[EventDate "2009.06.18"]
[EventType "swiss"]
[EventRounds "9"]
[EventCountry "CRO"]
[Source "lmi"]
[SourceDate "2009.06.19"]

1. e4 d6 2. d4 Nf6 3. Nc3 g6 4. Nf3 Bg7 5. Be2 O-O 6. O-O c6 7. h3 Qc7 8. a4
Nbd7 9. Be3 b6 10. Nd2 e5 11. dxe5 Nxe5 12. f4 Ned7 13. Nc4 d5 14. exd5 Nxd5
15. Nxd5 cxd5 16. Qxd5 Ba6 17. Rad1 Nf6 18. Qe5 Rfc8 19. Qxc7 Rxc7 20. b3 Re8
21. Rfe1 Ne4 22. Nd6 Nxd6 23. Bxa6 Nf5 24. Bf2 Rxe1+ 25. Rxe1 Rxc2 26. Re8+ Bf8
27. g4 Ng7 28. Ra8 Ne6 29. Bc4 Nxf4 30. Be3 g5 31. Rxa7 Bc5 32. Bxc5 bxc5 33.
a5 Nxh3+ 34. Kf1 Nf4 35. a6 Kg7 36. Rxf7+ Kg6 37. a7 Ra2 38. Rb7 Ra1+ 39. Kf2
Ra2+ 40. Kf3 h5 41. Rb6+ 1-0

[Event "Torneo Zonal FIDE 2.3 Masculino 2009"]
[Site "San José de Costa Rica CRC"]
[Date "2009.06.24"]
[Round "8.3"]
[White "Murillo, Alexis"]
[Black "Iturrizaga, Eduardo"]
[Result "0-1"]
[WhiteElo "2317"]
[BlackElo "2528"]
[PlyCount "92"]
[EventDate "2009.06.18"]
[EventType "swiss"]
[EventRounds "9"]
[EventCountry "CRO"]
[Source "lmi"]
[SourceDate "2009.06.19"]

1. d4 Nf6 2. c4 e6 3. Nc3 Bb4 4. e3 d5 5. Bd3 c5 6. Nf3 O-O 7. O-O Nc6 8. a3
Bxc3 9. bxc3 dxc4 10. Bxc4 Qc7 11. Re1 Rd8 12. Qe2 e5 13. h3 Bf5 14. Bb2 e4 15.
Nd2 Rd6 16. Rf1 Re8 17. Bb5 cxd4 18. cxd4 Nd5 19. f3 exf3 20. Rxf3 Bg6 21. Raf1
a6 22. Bd3 Nf6 23. Bxg6 hxg6 24. Qc4 b5 25. Qc5 Qd7 26. Qg5 Qe6 27. Qg3 Rd7 28.
Qf2 Qa2 29. Ba1 Qd5 30. Rc1 Nd8 31. Rc5 Qd6 32. a4 Ne6 33. Re5 Qa3 34. Qe1 Qxa4
35. g4 Rc8 36. g5 Nd5 37. Ne4 Qa3 38. Nc5 Nxc5 39. dxc5 Nb4 40. c6 Nxc6 41. Re4
Ne5 42. Rf1 Nf3+ 43. Rxf3 Rc1 44. Re8+ Kh7 45. Rf1 Rxe1 46. Rxe1 Re7 0-1

[Event "Torneo Zonal FIDE 2.3 Masculino 2009"]
[Site "San José de Costa Rica CRC"]
[Date "2009.06.24"]
[Round "8.4"]
[White "Sanchez Enriquez, Oscar Gerardo"]
[Black "Arias, Lemmys A"]
[Result "0-1"]
[WhiteElo "2282"]
[BlackElo "2406"]
[PlyCount "86"]
[EventDate "2009.06.18"]
[EventType "swiss"]
[EventRounds "9"]
[EventCountry "CRO"]
[Source "lmi"]
[SourceDate "2009.06.19"]

1. e4 c5 2. Nf3 e6 3. d4 cxd4 4. Nxd4 a6 5. Bd3 Bc5 6. Nb3 Be7 7. Qg4 Bf6 8.
Qg3 Nc6 9. Nc3 Nge7 10. Bf4 e5 11. Bg5 Bxg5 12. Qxg5 O-O 13. O-O-O d6 14. Rd2
Be6 15. Rhd1 Qc7 16. Kb1 b5 17. Nd5 Bxd5 18. exd5 h6 19. Qh4 Nxd5 20. Be4 Nde7
21. Rxd6 Rad8 22. Rxd8 Rxd8 23. Rxd8+ Nxd8 24. Qh3 Ne6 25. Qd3 Kf8 26. g3 g6
27. Qd2 Kg7 28. h4 f5 29. Bg2 h5 30. Qb4 Kf6 31. Bf1 Qb6 32. Qd2 Qc6 33. Nc1
Qh1 34. Bd3 e4 35. Be2 Qg1 36. a4 Qxf2 37. axb5 axb5 38. Qc3+ Qd4 39. Bxb5 Qxc3
40. bxc3 f4 41. gxf4 Nxf4 42. c4 Ng2 43. c5 Nxh4 0-1

[Event "Torneo Zonal FIDE 2.3 Masculino 2009"]
[Site "San José de Costa Rica CRC"]
[Date "2009.06.24"]
[Round "8.5"]
[White "Prasca Sosa, Raphael"]
[Black "Gongora Montes, Benjamin"]
[Result "1-0"]
[WhiteElo "2415"]
[BlackElo "2251"]
[PlyCount "101"]
[EventDate "2009.06.18"]
[EventType "swiss"]
[EventRounds "9"]
[EventCountry "CRO"]
[Source "lmi"]
[SourceDate "2009.06.19"]

1. e4 e6 2. d4 d5 3. Nd2 Nf6 4. e5 Nfd7 5. f4 c5 6. c3 Nc6 7. Ngf3 Qb6 8. g3
cxd4 9. cxd4 Bb4 10. Kf2 g5 11. fxg5 Ndxe5 12. Nxe5 Nxe5 13. Kg2 Nc6 14. Nf3
Bf8 15. Qb3 Bg7 16. Be3 Bd7 17. Be2 Qxb3 18. axb3 Ke7 19. Rhe1 a6 20. Red1 h6
21. h4 Rag8 22. Kf2 hxg5 23. Bxg5+ f6 24. Bf4 Bh6 25. Bd2 Be8 26. Bc3 Kd6 27.
b4 e5 28. dxe5+ fxe5 29. Ra5 d4 30. Rxe5 Nxe5 31. Rxd4+ Kc7 32. Nxe5 Rf8+ 33.
Bf3 Rhg8 34. g4 Bf4 35. Rc4+ Kb8 36. Ng6 Bxg6 37. Rxf4 Rxf4 38. Be5+ Ka7 39.
Bxf4 Rc8 40. h5 Bb1 41. Be5 Rc4 42. Bc3 b6 43. Kg3 Bc2 44. g5 Bd3 45. g6 Bf5
46. g7 Bh7 47. Bd5 Rc8 48. Kf4 Re8 49. Kg5 Rd8 50. Be6 Rd1 51. Kh6 1-0

[Event "Torneo Zonal FIDE 2.3 Masculino 2009"]
[Site "San José de Costa Rica CRC"]
[Date "2009.06.24"]
[Round "8.6"]
[White "Gonzalez, Bernal"]
[Black "Hernandez Basante, Francisco"]
[Result "1-0"]
[WhiteElo "2440"]
[BlackElo "2278"]
[PlyCount "59"]
[EventDate "2009.06.18"]
[EventType "swiss"]
[EventRounds "9"]
[EventCountry "CRO"]
[Source "lmi"]
[SourceDate "2009.06.19"]

1. Nf3 c5 2. e4 g6 3. d4 cxd4 4. Qxd4 Nf6 5. e5 Nc6 6. Qa4 Nd5 7. Qe4 Nc7 8.
Bc4 Bg7 9. Nc3 O-O 10. Bf4 b5 11. Bb3 Bb7 12. Qe3 Na5 13. Bh6 Nxb3 14. axb3 Nd5
15. Nxd5 Bxd5 16. Bxg7 Kxg7 17. Rxa7 Rxa7 18. Qxa7 Qc8 19. Qd4 Bxf3 20. gxf3 f6
21. Kd2 d6 22. exd6 Rd8 23. Re1 e5 24. Qb6 Rd7 25. Ra1 Kf7 26. Ra6 b4 27. c4
Ke6 28. c5 Kd5 29. Ra5 Ke6 30. Qxb4 1-0

[Event "Torneo Zonal FIDE 2.3 Masculino 2009"]
[Site "San José de Costa Rica CRC"]
[Date "2009.06.25"]
[Round "9.2"]
[White "Iturrizaga, Eduardo"]
[Black "Valdes, Leonardo"]
[Result "1-0"]
[WhiteElo "2528"]
[BlackElo "2403"]
[PlyCount "42"]
[EventDate "2009.06.18"]
[EventType "swiss"]
[EventRounds "9"]
[EventCountry "CRO"]
[Source "lmi"]
[SourceDate "2009.06.19"]

1. d4 Nf6 2. Nf3 g6 3. c4 Bg7 4. Nc3 O-O 5. e4 d6 6. Be2 e5 7. O-O Nh5 8. Bg5
f6 9. Be3 Nc6 10. d5 Ne7 11. Nd2 Nf4 12. c5 f5 13. f3 Nxe2+ 14. Qxe2 Bd7 15.
Nc4 Qb8 16. b4 Nc8 17. a4 Bf6 18. Rfc1 Rf7 19. Rab1 f4 20. Bf2 Be8 21. Rb2 h5
1-0

[Event "Torneo Zonal FIDE 2.3 Masculino 2009"]
[Site "San José de Costa Rica CRC"]
[Date "2009.06.25"]
[Round "9.4"]
[White "Arias, Lemmys A"]
[Black "Ossa, Orlando Jose"]
[Result "0-1"]
[WhiteElo "2406"]
[BlackElo "2301"]
[PlyCount "55"]
[EventDate "2009.06.18"]
[EventType "swiss"]
[EventRounds "9"]
[EventCountry "CRO"]
[Source "lmi"]
[SourceDate "2009.06.19"]

1. e4 e5 2. Bc4 Nc6 3. Nf3 Bc5 4. O-O Nf6 5. d3 d6 6. c3 a6 7. Bb3 Ba7 8. Re1
h6 9. Be3 O-O 10. Nbd2 Bxe3 11. Rxe3 Ne7 12. d4 Ng6 13. dxe5 dxe5 14. Nf1 Qe7
15. Ng3 Nf4 16. Qc2 g6 17. h3 Kg7 18. Ne2 N6h5 19. Nxf4 Nxf4 20. Rd1 g5 21. Qd2
g4 22. hxg4 Bxg4 23. Nd4 Kh7 24. Nf5 Qg5 25. g3 Rad8 26. Qe1 Bxd1 27. Bxd1 Rd7
28. Kf1 0-1

[Event "Torneo Zonal FIDE 2.3 Masculino 2009"]
[Site "San José de Costa Rica CRC"]
[Date "2009.06.25"]
[Round "9.6"]
[White "Sanchez Enriquez, Oscar Gerardo"]
[Black "Murillo, Alexis"]
[Result "1/2-1/2"]
[WhiteElo "2282"]
[BlackElo "2317"]
[PlyCount "80"]
[EventDate "2009.06.18"]
[EventType "swiss"]
[EventRounds "9"]
[EventCountry "CRO"]
[Source "lmi"]
[SourceDate "2009.06.19"]

1. e4 e6 2. d4 d5 3. Nc3 Bb4 4. e5 c5 5. a3 Bxc3+ 6. bxc3 Qc7 7. Qg4 f6 8. exf6
Nxf6 9. Qg3 Qxg3 10. hxg3 c4 11. Bf4 Nc6 12. f3 Bd7 13. g4 O-O-O 14. Ne2 Be8
15. Kd2 Bf7 16. g5 Nd7 17. g3 b6 18. Bh3 Rhe8 19. Rae1 Bg8 20. Bd6 Ndb8 21. Be5
Nxe5 22. dxe5 Nc6 23. Nd4 Nxd4 24. cxd4 Kc7 25. f4 g6 26. Bg4 b5 27. c3 Re7 28.
Ra1 a5 29. Bd1 Rb8 30. Bc2 Rg7 31. g4 Bf7 32. f5 gxf5 33. gxf5 exf5 34. Bxf5
Rxg5 35. Bxh7 Rg2+ 36. Ke3 Rg3+ 37. Kd2 Rg2+ 38. Ke3 Rg3+ 39. Kd2 Rg2+ 40. Ke3
Rg3+ 1/2-1/2

[Event "Torneo Zonal FIDE 2.3 Masculino 2009"]
[Site "San José de Costa Rica CRC"]
[Date "2009.06.25"]
[Round "9.7"]
[White "Gongora Montes, Benjamin"]
[Black "Hernandez Basante, Francisco"]
[Result "0-1"]
[WhiteElo "2251"]
[BlackElo "2278"]
[PlyCount "41"]
[EventDate "2009.06.18"]
[EventType "swiss"]
[EventRounds "9"]
[EventCountry "CRO"]
[Source "lmi"]
[SourceDate "2009.06.19"]

1. e4 c5 2. Nf3 Nc6 3. Nc3 g6 4. Bb5 Bg7 5. O-O Nd4 6. Re1 e6 7. e5 Qc7 8. Bf1
a6 9. d3 Ne7 10. Bf4 Nec6 11. Ne4 O-O 12. Nxc5 Nxf3+ 13. gxf3 f6 14. Bg3 fxe5
15. c3 b6 16. Ne4 d5 17. Nd2 Qe7 18. Qb3 h5 19. d4 h4 20. Qxb6 Bd7 21. Bxe5 0-1